<?xml version="1.0" encoding="UTF-8"?>
<record
    xmlns:xsi="http://www.w3.org/2001/XMLSchema-instance"
    xsi:schemaLocation="http://www.loc.gov/MARC21/slim http://www.loc.gov/standards/marcxml/schema/MARC21slim.xsd"
    xmlns="http://www.loc.gov/MARC21/slim">

  <leader>01332cam a2200289 i 4500</leader>
  <controlfield tag="001">114586</controlfield>
  <controlfield tag="003">DR-UNIBE</controlfield>
  <controlfield tag="005">20260417113205.0</controlfield>
  <controlfield tag="007">  @ cr nn 008mamaa</controlfield>
  <controlfield tag="008">260417s2013    mx a    sb    001 0 spa  </controlfield>
  <datafield tag="020" ind1=" " ind2=" ">
    <subfield code="a">9786073219600</subfield>
  </datafield>
  <datafield tag="020" ind1=" " ind2=" ">
    <subfield code="a">9786073219617 (electr&#xF3;nico)</subfield>
  </datafield>
  <datafield tag="040" ind1=" " ind2=" ">
    <subfield code="a">DLC</subfield>
    <subfield code="b">spa</subfield>
    <subfield code="c">DLC</subfield>
    <subfield code="e">rda</subfield>
    <subfield code="d">DLC</subfield>
  </datafield>
  <datafield tag="041" ind1=" " ind2=" ">
    <subfield code="a">spa</subfield>
  </datafield>
  <datafield tag="100" ind1=" " ind2=" ">
    <subfield code="a">Rosario Farga Mullor, Mar&#xED;a del</subfield>
    <subfield code="e">autor</subfield>
    <subfield code="9">204214</subfield>
  </datafield>
  <datafield tag="100" ind1=" " ind2=" ">
    <subfield code="a">L&#xF3;pez Varela, Araceli </subfield>
    <subfield code="e">autor</subfield>
    <subfield code="9">204215</subfield>
  </datafield>
  <datafield tag="245" ind1="1" ind2="0">
    <subfield code="a">Historia del arte</subfield>
  </datafield>
  <datafield tag="250" ind1=" " ind2=" ">
    <subfield code="a">Segunda edici&#xF3;n revisada</subfield>
  </datafield>
  <datafield tag="260" ind1=" " ind2=" ">
    <subfield code="a">M&#xE9;xico :</subfield>
    <subfield code="b">Pearson,</subfield>
    <subfield code="c">2013</subfield>
  </datafield>
  <datafield tag="300" ind1=" " ind2=" ">
    <subfield code="a">360 p&#xE1;ginas :</subfield>
    <subfield code="b"> ilustraciones</subfield>
  </datafield>
  <datafield tag="500" ind1=" " ind2=" ">
    <subfield code="a">Recurso en l&#xED;nea: Disponible para miembros de UNIBE a trav&#xE9;s del portal web del CRAI: https://www.unibe.edu.do/biblioteca/libros-electronicos/</subfield>
  </datafield>
  <datafield tag="505" ind1=" " ind2=" ">
    <subfield code="a">Unidad I. Introducci&#xF3;n al lenguaje art&#xED;stico |
Unidad II. El arte prehist&#xF3;rico y antiguo |
Unidad III. El arte prehel&#xE9;nico, Grecia y Roma |
Unidad IV. Del arte paleocristiano al arte g&#xF3;tico |
Unidad V. Del renacimiento al manierismo |
Unidad VI. Barroco, neoclasicismo y romanticismo |
Unidad VII. El arte en los siglos XIX y XX |
</subfield>
  </datafield>
  <datafield tag="650" ind1=" " ind2="0">
    <subfield code="a">Artes</subfield>
    <subfield code="x">Historia</subfield>
    <subfield code="9">204218</subfield>
  </datafield>
  <datafield tag="655" ind1=" " ind2=" ">
    <subfield code="a">Recurso electr&#xF3;nico </subfield>
    <subfield code="9">42681</subfield>
  </datafield>
  <datafield tag="856" ind1=" " ind2=" ">
    <subfield code="u">https://unibe.vitalsource.com/reader/books/9786073219617</subfield>
  </datafield>
  <datafield tag="942" ind1=" " ind2=" ">
    <subfield code="2">ddc</subfield>
    <subfield code="c">EB</subfield>
  </datafield>
  <datafield tag="999" ind1=" " ind2=" ">
    <subfield code="c">114586</subfield>
    <subfield code="d">114586</subfield>
  </datafield>
  <datafield tag="952" ind1=" " ind2=" ">
    <subfield code="0">0</subfield>
    <subfield code="1">0</subfield>
    <subfield code="2">ddc</subfield>
    <subfield code="7">0</subfield>
    <subfield code="8">eTEXT</subfield>
    <subfield code="a">Principal</subfield>
    <subfield code="d">2026-04-20</subfield>
    <subfield code="l">0</subfield>
    <subfield code="p">EB0548</subfield>
    <subfield code="r">2026-04-20 12:52:34</subfield>
    <subfield code="t">copias ilimitadas</subfield>
    <subfield code="w">2026-04-20</subfield>
    <subfield code="y">EB</subfield>
  </datafield>
</record>
